ბათუმის შოთა რუსთაველის სახელმწიფო უნივერსიტეტის ბიბლიოთეკა

ელექტრული ქსელები და სისტემები : დამხმ. სახელმძღვ. / (ბიბ.ჩანაწერი № 38943)

000 -ლიდერი
ფიქსირებული სიგრძის საკონტროლო ველი 00942nam a2200217Ia 4500
001 - საკონტროლო ნომერი
საკონტროლო ველი 5380
003 - საკონტროლო ნომრის იდენტიფიკატორი
საკონტროლო ველი GE_BSU
005 - ბოლო ოპერაციის თარიღი და დრო
საკონტროლო ველი 20190624173605.0
008 - ფიქსირებული სიგრძის მონაცემთა ელემენტები - ზოგადი ინფორმაცია
ფიქსირებული სიგრძის საკონტროლო ველი 181216s1972|||| |||||||||||||| ||geo||
041 ## - ენის კოდი
Language code of text/sound track or separate title geo
080 ## - უნივერსალური ათობითი კლასიფიკაციის ინდექსი
Universal Decimal Classification number 621.311.1(075.8) ქ-88
100 ## - მთავარი ჩანაწერი - პიროვნების სახელი
Personal name ქურდიანი, ი.
9 (RLIN) 465
245 ## - ცნობა სათაურის შესახებ
Title ელექტრული ქსელები და სისტემები : დამხმ. სახელმძღვ. /
Statement of responsibility, etc ი. ქურდიანი ; გ. ქურცუკიძე.
264 ## - წარმოების, გამოცემის, დისტრიბუციის და სხვა ცნობები
გამოცემის, წარმოების, დისტრიბუციის... ადგილი თბილისი :
გამოცემის, წარმოების, დისტრიბუციის... სახელწოდება განათლება,
გამოცემის, წარმოების, დისტრიბუციის... თარიღი 1972.
300 ## - ფიზიკური აღწერა
Extent 310 გვ .:
Other physical details ნახაზ,
Dimensions 22 სმ..
653 ## - INDEX TERM--UNCONTROLLED
Uncontrolled term ელექტრული ქსელები და სისტემები
653 ## - INDEX TERM--UNCONTROLLED
Uncontrolled term ტექნიკა
700 ## - ADDED ENTRY--PERSONAL NAME
Personal name ქურცუკიძე, გ.
9 (RLIN) 2845
700 ## - ADDED ENTRY--PERSONAL NAME
Personal name ჯიბლაძე, ზ
Relator term რედაქტორი
9 (RLIN) 2846
942 ## - ADDED ENTRY ELEMENTS (KOHA)
Koha item type წიგნი
Source of classification or shelving scheme
ეგზემპლარები
ჩამოწერის სტატუსი დაკარგული ეგზემპლარის სტატუსი კლასიფიკაციის წყარო ან თაროზე გაწყობის სქემა დაზიანების სტატუსი არ გაიცემა მუდმივი მდებარეობა (დაცვის ადგილი) ამჟამინდელი ადგილსამყოფელი თაროზე განთავსების ადგილი შეძენის თარიღი ღირებულება, შესყიდვის ნორმალური ფასი სრული შენახვის შიფრი შტრიხკოდი ბოლო ოპერაციის თარიღი ეგზემპლარის მიმდევრობითი ნომერი (კეტერი?) ფასის ძალაში შესვლის თარიღი ეგზემპლარის სახეობა საჯარო შენიშვნა
          ტექნოლოგიური ფაკულტეტის ბიბლიოთეკა ტექნოლოგიური ფაკულტეტის ბიბლიოთეკა წიგნსაცავი 2018-12-17 1.00 621.311.1(075.8) ქ-88 10854 2018-12-17 10854 2018-12-17 წიგნი 1 ლ. 66 თ.
          ტექნოლოგიური ფაკულტეტის ბიბლიოთეკა ტექნოლოგიური ფაკულტეტის ბიბლიოთეკა წიგნსაცავი 2018-12-17 1.00 621.311.1(075.8) ქ-88 10855 2018-12-17 10855 2018-12-17 წიგნი 1 ლ. 66 თ.
          ტექნოლოგიური ფაკულტეტის ბიბლიოთეკა ტექნოლოგიური ფაკულტეტის ბიბლიოთეკა წიგნსაცავი 2018-12-17 1.00 621.311.1(075.8) ქ-88 10856 2018-12-17 10856 2018-12-17 წიგნი 1 ლ. 66 თ.
          ტექნოლოგიური ფაკულტეტის ბიბლიოთეკა ტექნოლოგიური ფაკულტეტის ბიბლიოთეკა წიგნსაცავი 2018-12-17 1.00 621.311.1(075.8) ქ-88 10857 2018-12-17 10857 2018-12-17 წიგნი 1 ლ. 66 თ.
          ტექნოლოგიური ფაკულტეტის ბიბლიოთეკა ტექნოლოგიური ფაკულტეტის ბიბლიოთეკა წიგნსაცავი 2018-12-17 1.00 621.311.1(075.8) ქ-88 10858 2018-12-17 10858 2018-12-17 წიგნი 1 ლ. 66 თ.